Artistic And Realistic Mode In R. K. Narayans Fiction (Record no. 38449)

MARC details
000 -LEADER
fixed length control field 00482nam a2200193Ia 4500
008 - FIXED-LENGTH DATA ELEMENTS--GENERAL INFORMATION
fixed length control field 220531s9999 xx 000 0 und d
041 ## - LANGUAGE CODE
Language code of text/sound track or separate title eng
082 ## - DEWEY DECIMAL CLASSIFICATION NUMBER
Classification number -
Item number JOS
100 ## - MAIN ENTRY--PERSONAL NAME
Personal name Joshi, P. M.
9 (RLIN) 68435
245 ## - TITLE STATEMENT
Title Artistic And Realistic Mode In R. K. Narayans Fiction
250 ## - EDITION STATEMENT
Edition statement 1ST
260 ## - PUBLICATION, DISTRIBUTION, ETC. (IMPRINT)
Place of publication, distribution, etc. Jaipur
Name of publisher, distributor, etc. Aadi
Date of publication, distribution, etc. 2014
300 ## - PHYSICAL DESCRIPTION
Extent 158
542 ## - INFORMATION RELATING TO COPYRIGHT STATUS
Copyright holder 22-04-2015
551 ## -
-- English
-- Ugc-ENG
650 ## - SUBJECT ADDED ENTRY--TOPICAL TERM
Topical term or geographic name as entry element Fiction
9 (RLIN) 68436
906 ## - LOCAL DATA ELEMENT F, LDF (RLIN)
d 2015-2016
Holdings
Withdrawn status Lost status Source of classification or shelving scheme Damaged status Not for loan Collection code Home library Current library Date acquired Vendor Cost, normal purchase price Total Checkouts Total Holds Full call number Barcode Date last seen Bill Date Koha item type Original Barcode
    Dewey Decimal Classification       Shri Siddhivinayak Mahila Mahavidyalaya Shri Siddhivinayak Mahila Mahavidyalaya 27/06/2015 Classic Book 725.00   1 -/JOS/B/19817 SSMM-BK-19817 06/08/2022 06/08/2022 Books 010019817